Score 0/23 Timer 03:00
1 Play Today
Clue 4-Letter Word % Correct
♫ Jingle ___, jingle ___, jingle ___ rock ♫♫BELL♫
96.6%
A massive shopping center, perhaps for buying presentsMALL
96.4%
How your stomach feels after Christmas dinnerFULL
96.3%
Season preceding WinterFALL
95.7%
M&M's do this in your mouth, not in your handsMELT
94.5%
Strip of leather that keeps pants uprightBELT
94.4%
Harry Potter's Christmas dance: The Yule ___BALL
93.1%
♪ '___ the herald angels sing' ♪♪HARK♪
92.4%
The color of cotton candyPINK
92.1%
Prepare wine for the holidaysMULL
91.6%
A grouping of wolvesPACK
91%
◯‍ Golden item given on the 5th Day of Christmas' ◯‍◯‍RING◯‍
90.5%
Clue 4-Letter Word % Correct
❉ A location for holiday ice skating ❉❉RINK❉
90.3%
Grain that has been prepared for brewingMALT
90%
'You can ___ your nose, but you can't ___ your family'PICK
89.3%
Footwear worn underneath shoesSOCK
88.2%
West African country with the capital BamakoMALI
86%
A homemade lunch in a paper bag is a '___ lunch'SACK
86%
✞ Second gospel, which does not contain a nativity scene ✞✞MARK✞
85.6%
A bodega or corner storeMART
82.7%
To slash at or cutHACK
76.9%
Sell or trade valuablesHOCK
74.9%
✧ Three kings who brought gifts after the birth of Jesus ✧✧MAGI✧
73.8%

Today's Daily Dose

Remove Ads.
Support Sporcle.
Get the best of Sporcle when you Go Orange. This ad-free experience offers more features, more stats, and more fun while also helping to support Sporcle. Thank you for becoming a member.

You're not logged in!

Compare scores with friends on all Sporcle quizzes.
OR
Log In

Show Comments

Extras

Top Quizzes Today


Score Distribution

Your Account Isn't Verified!

In order to create a playlist on Sporcle, you need to verify the email address you used during registration. Go to your Sporcle Settings to finish the process.

Report this User

Report this user for behavior that violates our Community Guidelines.

Details: